| LEADER |
01058nam0a2200169 450 |
| 001 |
16837422 |
| 010 |
|
|
|a 978-2-226-46477-4
|b Br.
|d 22,9
|
| 100 |
|
|
|a 20211009d2021 u u0frey01 ba
|
| 101 |
0 |
|
|a fre
|
| 200 |
0 |
|
|a Prophétie des abeilles (La)
|f Bernard Werber
|
| 207 |
|
1 |
|a
|
| 210 |
|
|
|a Paris
|b 22 Rue Huyghens.
|c Albin Michel
|d 2021
|
| 330 |
|
|
|a Depuis la nuit des temps, les abeilles détiennent le secret du destin de l'Humanité. Ce secret est annoncé dans une prophétie écrite à Jérusalem il y 1000 ans par un chevalier Templier. Mais sa trace est perdue, et pour la retrouver, il faudra remonter dans le temps, traverser époques et continents, affronter tous les dangers. Êtes-vous prêts à payer ce prix pour sauver votre futur ? Une histoire inouïe, une véritable explosion de l'imagination : Bernard Werber à son meilleur !
|
| 700 |
|
0 |
|a Werber
|b Bernard
|c Auteur du texte
|f 1961-....
|4 70
|
| 900 |
|
|
|a Science Fiction
|
| 901 |
|
|
|a Accessible au prêt
|
| 995 |
|
|
|a Bibliothèque
|c Bibliothèque
|f 024021896
|h 024021896
|k SF WER
|o p
|q a
|r az
|e Bibliothèque
|